000 00333 a2200157 4500
001 150283
040 _cEscola São Tomás de Aquino
100 _aMALDONATO, Maria Tereza
240 1 0 _aFlorestania
_lpor
245 1 0 _aFlorestania
300 _a93
362 0 _a2004
440 1 _aSaraiva
697 _aCIÊNCIAS
942 _cBK
999 _c150283
_d150283